000 00959nam a22003137a 4500
001 BR9503063
003 BR-BrBNA
005 20230928094456.0
007 ta
008 230509b bl.||||| |||| 00| 0 por d
040 _aBR-BrBNA
_bpor
_cBiblioteca Nacional de Agricultura
041 _a(Por)
072 _aE70; L01
_b5213
090 _ 5213 BR9503063
100 1 _aSilva Filho, C.F. da
110 1 _aEscola Superior de Agricultura de Lavras, MG (Brasil)
_0Tese (Mestre em Administracao Rural)
245 1 _aPecuaria bovina de corte no Brasil: analise de politicas e mercado
260 3 _aLavras, MG (Brasil):
_c1991.
300 _a102 p.
500 _a14 tables; 7 graphs; 41 ref.; Summaries (Eng, Por)
650 _aGado de Corte
650 _aDemanda
650 _aAnalise de Mercado
650 _aComercio Interno
650 _aComercio Exterior
650 _aPolitica de Preco
909 _a202309
_bLucia
_c55
_dLucia Elande
942 _cBK
999 _c50925
_d50925